000 00478nam a2200181Ia 4500
999 _c31249
_d31249
001 31127
003 PK-LaUMT
005 20220902153157.0
008 140416s9999 xx 000 0 und d
040 _cPK-LaUMT
082 _aW 025.4028
_bPOL-
110 _aWorld Bank
245 _aPolicy research working paper series Number 2262-2299
_babstracts
_cWorld Bank
260 _aWashington,USA:
_bWorld Bank,
_c2000
300 _a16 p.
546 _aEN
942 _cWEEDED OUT
_2ddc